00538nam a2200157Ia 4500001001000000003000500010008004100015010001100056040000900067082002100076100002600097245006800123260000800191500011400199650006700313Para_2588CHAP220125s1917 xx 000 0 und d a201140 cCHAP aPA-C 595.752 B44 aBaker, Arthur Challen aThe correct name for our apple-grain aphis /c Arthur C. Baker a:b aSobretiro de: Science, N. S. 46 (1191): 410-411, 1917. Encuadernado con: Rosy apple aphis/by Arthur C. Baker. aAfididos x Colecciones de escritos Rhopalosiphum prunifoliae